Liquid rocket engine combustion instability / (Record no. 559973)
[ view plain ]
| 000 -LEADER | |
|---|---|
| fixed length control field | 00536nam a2200157Ia 4500 |
| 008 - FIXED-LENGTH DATA ELEMENTS--GENERAL INFORMATION | |
| fixed length control field | 210428s9999 xx 000 0 und d |
| 020 ## - INTERNATIONAL STANDARD BOOK NUMBER | |
| International Standard Book Number | 1-56347-183-3 |
| 082 ## - DEWEY DECIMAL CLASSIFICATION NUMBER | |
| Classification number | 660.04 A498A |
| 100 ## - MAIN ENTRY--PERSONAL NAME | |
| Personal name | Vigor Yang |
| 9 (RLIN) | 127133 |
| 245 #0 - TITLE STATEMENT | |
| Title | Liquid rocket engine combustion instability / |
| Statement of responsibility, etc. | Vigor Yang |
| 260 ## - PUBLICATION, DISTRIBUTION, ETC. | |
| Name of publisher, distributor, etc. | American Institute of Aeronautics and astronautics |
| Place of publication, distribution, etc. | Washingtton DC |
| Date of publication, distribution, etc. | 1995 |
| 300 ## - PHYSICAL DESCRIPTION | |
| Extent | 577 p. ;24 cm. |
| 440 ## - SERIES STATEMENT/ADDED ENTRY--TITLE | |
| Title | Progress in astronautics and aeronautics V-169 |
| 9 (RLIN) | 127132 |
| 700 ## - ADDED ENTRY--PERSONAL NAME | |
| Personal name | William Anderson |
| 9 (RLIN) | 127134 |
| 942 ## - ADDED ENTRY ELEMENTS (KOHA) | |
| Source of classification or shelving scheme | |
| Koha item type | Book |
| Withdrawn status | Lost status | Source of classification or shelving scheme | Damaged status | Not for loan | Permanent Location | Current Location | Date acquired | Full call number | Barcode | Date last seen | Price effective from | Koha item type |
|---|---|---|---|---|---|---|---|---|---|---|---|---|
| School of Chemical & Materials Engineering (SCME) | School of Chemical & Materials Engineering (SCME) | 660.04 L767 L | SCME-123 | 04/28/2021 | 04/28/2021 | Book |
